000 02504nam a2200421 c 4500
003 BLK
005 20180422095350.0
008 180413b bul|||||r ||||||| ||bul||
010 _aKNG00025084000
020 _a954-524-194-2
_bиздат.: Унив. изд. Св. св. Кирил и Методий
040 _aBLK
041 _aBUL
_cBUL
080 _aБългарска литература
_b821.163.2
_x(091)(092)(063)
_z821.163.2(091)(092)(063)
080 _aСлавянски езици
_b811.16
_x(063)
_z811.16(063)
080 _aИстория на България
_b94(497.2)
_x.032.24(063)
_z94(497.2).032.24(063)
080 _aПатриарх на България
_b929 Евтимий Търновски, патриарх
_x
_z929 Евтимий Търновски, патриарх
700 1 _aДанчев, Георги
_eред. кол.
_gСавов, Георги Данчев
_9365128
139 _aПатриарх Евтимий Търновски и неговото време
_bЕ 22
245 1 0 _aПатриарх Евтимий Търновски и неговото време
_bМатериали от нац. науч. сес. 600 г. от заточението на св. Евтимий, патриарх Търновски, В. Търново, 6 окт. 1993 г
_cред. кол. Георги Данчев.
257 _aBGR
260 В. Търново
_bУнив. изд. Св. св. Кирил и Методий
_c1998
_fВ. Търново : Абагар
300 _a351 с.
_c21 см
380 _a82
490 1 _aПроглас
500 _aДруги ред. : Т. Коев, Ив. Харалампиев, Д. Кенанов ; Пълното име на ред. Иван Харалампиев е Иван Харалампиев Иванов, а на Г. Данчев - Георги Данчев Савов. - Библиогр. с. 347-349.
600 1 4 _aЕвтимий Търновски, патриарх
_9255876
650 4 _aПросветители, български
_9244645
650 4 _aСтаробългарска литература
_9253145
650 4 _aСтаробългарски език
_9266578
650 4 _aИстория - България - средни векове
_9262931
653 _aбългарска литература
653 _aпатриарх Евтимий
852 _aЦб 197986
856 4 _qpdf
_u
856 4 _qpdf
_u
942 _cKNG
_n0
944 _aCR
_c15.01.2003
_kГеновева_Генчева
944 _aED
_c17.10.2016
_kНора_Радева
999 _c22679
_d22679